Educación sexual 8 / (Registro nro. 10068)

Detalles MARC
000 -LIDER
fixed length control field 01066nam a22002537a 4500
001 - NÚMERO DE CONTROL
Identificador de número de control 2365414
003 - IDENTIFICACDOR DE NÚMERO DE CONTROL
control field DO-SdBNP
005 - DATE AND TIME OF LATEST TRANSACTION
control field 20180314125721.0
007 - CAMPOS FIJOS DE DESCRIPCIÓN FÍSICA
fixed length control field 2365414
008 - ELEMENTOS DE LONGITUD FIJA
fixed length control field 160509b 20uu dr ||||| |||| 00| 0 spa d
020 ## - ISBN
International Standard Book Number 9789945444225
040 ## - FUENTE DE CATALOGACIÓN
Agencia que crea de manera original el registro BPMSU
Idioma de catalogación spa
Agencia que realiza la transcripción BPMSU
100 ## - ASIENTO PRINCIPAL -- NOMBRE PERSONAL
Término de relación Cuello del Orbe, Elisa Ysabel
245 ## - MENCIÓN DE TITULO
Título Educación sexual 8 /
Mención de responsabilidad Elisa Ysabel Cuello del Orbe ; ilustraciones Ramón L. Sandoval
260 ## - PUBLICACIÓN, DISTRIBUCIÓN, ETC. (PIE DE IMPRENTA)
Lugar de publicación, distribución, etc Santo Domingo :
Nombre del editor, distribuidor, etc. Acturalidad escolar 2000,
Fecha de publicación, distribución, etc [200?]
300 ## - DESCRIPCIÓN FÍSICA
Extensión 64 p. :
Otros detalles físicos il. ;
Dimensiones 29 cm.
500 ## - NOTA GENERAL
Nota general Este libro ha sido realizado de acuerdo al curriculum vigente y ha sido sometido a la evaluación y aprobación de la SEE
504 ## - NOTA DE BIBLIOGRAFÍA, ETC.
Bibliography, etc Bibliografía : p. 64
505 ## - NOTA DE CONTENIDO
Título Los valores --
-- La sexualidad --
-- La adolescencia --
-- Problema potenciales en los adolescentes --
-- Somos iguales --
-- Hay contactos que nos hacen sentir mal --
-- Bibliografía.
700 ## - ASIENTO SECUNDARIO -- NOMBRE PERSONAL
Nombre personal Sandoval, Ramón L.
Mención de responsabilidad il.
942 ## - ADDED ENTRY ELEMENTS (KOHA)
Source of classification or shelving scheme Dewey Decimal Classification
Koha item type Libros
945 ## - INFORMACIÓN DE PROCESAMIENTO LOCAL
Información de procesamiento local Remanejado para la BNPHU / 2018 VM
956 ## - LOCAL ELECTRONIC LOCATION AND ACCESS (OCLC)
Método de acceso VMATEO
Materiales especificados 10
Enlace 20160510
Campo enlazado y núm. de secuencia BPMSU
Nombre de host 0069
Existencias
Withdrawn status Lost status Source of classification or shelving scheme Damaged status Not for loan Collection code Home library Current library Date acquired Source of acquisition Total Checkouts Barcode Date last seen Price effective from Koha item type
    Dewey Decimal Classification     Colección Escolar Biblioteca Pública Metropolitana Salomé Ureña Biblioteca Pública Metropolitana Salomé Ureña 05/10/2016 muestra gratuita   BPMSU16050213 05/10/2016 05/10/2016 Libros